| 000 | 00632nam a2200181 a 4500 | ||
|---|---|---|---|
| 001 | 000040221 | ||
| 005 | 20201002034007.0 | ||
| 008 | 130819s1972 sp 000 0 spa d | ||
| 040 |
_aDO-SdBNP _bspa _cBNPHU |
||
| 082 | _axxx | ||
| 245 | 0 | 0 |
_aGriegos y persas : _bEl mundo mediterraneo en la Edad Antigua / _ccompilador Hermann Bengtson. |
| 260 |
_aMadrid, España : _bSiglo XXI, _c1972. |
||
| 300 |
_a413 p. ; _c18 cm. |
||
| 490 | 1 |
_aHistoria universal _v5 |
|
| 534 |
_pTítulo original: _tGriechen und perser. Die mittelmeerwelt im alterium-I |
||
| 700 | 1 |
_aBengtson, Hermann, _ecomp. _966485 |
|
| 830 | 0 |
_aHistoria universal _v5 _966486 |
|
| 999 |
_c39711 _d39711 |
||